000 00535nam a22001817a 4500
003 CEME
005 20210628205054.0
008 210114b xxu||||| |||| 00| 0 eng d
020 _a9788131700532
040 _c.
082 _a006.3 FAU
100 _aFausett, Laurene
_973725
245 _aFundamentals of neural networks,architectures, algorithms and applications
260 _aINDIA
_bPEARSON EDUCATION
_c2013
300 _a467P
650 _aNEURAL NETWORKS ARCHITECTURES, ALGORITHMS AND APPLICATIONS
_973726
942 _cBK
_2ddc
999 _c579389
_d579389